Statistics for FIFA 19 Top 10 Premier League Left Wingers

Click here to take the quiz!

General Stats

  • This quiz has been taken 74 times
  • The average score is 7 of 10

Answer Stats

RankPlayerTeamOVA% Correct
1Eden HazardChelsea91
100%
4Sadio ManéLiverpool86
90%
8Marcus RashfordManchester United81
86%
3Leroy SanéManchester City86
81%
5Heung-min SonTottenham Hotspur84
80%
6Anthony MartialManchester United83
74%
2Alexis SanchezManchester United87
68%
7Felipe AndersonWest Ham United82
54%
9BernardEverton80
35%
10Mohamed ElyounoussiSouthampton79
14%

Score Distribution

Percentile by Number Answered

Percent of People with Each Score

Your Score History

You have not taken this quiz